Kashf al-lithām ʻan Rubāʻīyāt al-Khayyām / (Record no. 50544)

MARC details
000 -LEADER
fixed length control field 00702cam a22002171a 4500
001 - CONTROL NUMBER
control field ne 68002524
003 - CONTROL NUMBER IDENTIFIER
control field DLC
005 - DATE AND TIME OF LATEST TRANSACTION
control field 20260227111844.0
008 - FIXED-LENGTH DATA ELEMENTS--GENERAL INFORMATION
fixed length control field 850906s1967 ua 000 0 ara
010 ## - LIBRARY OF CONGRESS CONTROL NUMBER
LC control number ne 68002524
035 ## - SYSTEM CONTROL NUMBER
System control number (OCoLC)12498902
040 ## - CATALOGING SOURCE
Original cataloging agency DLC
Transcribing agency OU
Modifying agency OU
-- DLC
042 ## - AUTHENTICATION CODE
Authentication code premarc
050 00 - LIBRARY OF CONGRESS CALL NUMBER
Classification number PK6525
Item number .T5
100 1# - MAIN ENTRY--PERSONAL NAME
Personal name Ṭirāzī, Naṣr Allāh Mubashshir.
245 10 - TITLE STATEMENT
Title Kashf al-lithām ʻan Rubāʻīyāt al-Khayyām /
Statement of responsibility, etc. taʼlīf Abū al-Naṣr Mubashshir al-Ṭirāzī al-Ḥusaynī.
260 ## - PUBLICATION, DISTRIBUTION, ETC.
Place of publication, distribution, etc. [Cairo :
Name of publisher, distributor, etc. Dār al-Kātib al-ʻArabī,
Date of publication, distribution, etc. 1967]
300 ## - PHYSICAL DESCRIPTION
Extent 270 p. ;
Dimensions 24 cm.
504 ## - BIBLIOGRAPHY, ETC. NOTE
Bibliography, etc. note Includes bibliographical references.
600 00 - SUBJECT ADDED ENTRY--PERSONAL NAME
Personal name Omar Khayyam.
Title of a work Rubāʻīyāt.

No items available.

Powered by Koha